Normal view
MARC view
- الاردن - تاريخ - قصر رغدان العامر
Entry Topical Term
001 - CONTROL NUMBER
- control field: 56116
003 - CONTROL NUMBER IDENTIFIER
- control field: JO-AjAnu
005 - DATE AND TIME OF LATEST TRANSACTION
- control field: 20230606083210.0
008 - FIXED-LENGTH DATA ELEMENTS
- fixed length control field: 230606|| aca||aabn | a|a d
040 ## - CATALOGING SOURCE
- Original cataloging agency: JO-AjAnu
- Transcribing agency: JO-AjAnu
150 ## - HEADING--TOPICAL TERM
- Topical term or geographic name entry element: الاردن - تاريخ - قصر رغدان العامر
670 ## - SOURCE DATA FOUND
- Source citation: Work cat.: (JO-AjAnu)28638: اشراف المجالي، بكر خازر؛ متابعة وتحرير وتنسيق منتهى قبلان العبداللات، متابعة وتحرير وتنسيق جنان زكي أبو زياد, author 56115, قصر رغدان العامر: شاهد على تاريخ يصنع المستقبل